[Event "XXVI Miedzynarodowy Festiwal Szachowy w Poznaniu - OPEN A"]
[Site "Poznan"]
[Date "2018-08-24"]
[Round "7.3"]
[White "Khamitskiy, Sergei "]
[Black "Kulon, Klaudia "]
[Result "0-1"]
[WhiteTitle ""]
[BlackTitle ""]
[WhiteElo "2233"]
[BlackElo "2355"]

1. d4 Nf6 2. c4 g6 3. Nc3 Bg7 4. e4 d6 5. h3 O-O 6. Nf3 e5 7. d5 Nh5 8. g3 Qe8
9. Nh2 f5 10. exf5 gxf5 11. Be2 Nf6 12. g4 Na6 13. Rg1 f4 14. g5 Nd7 15. Bh5 Qe7
16. g6 h6 17. Bg4 Nac5 18. b4 e4 19. bxc5 Bxc3+ 20. Bd2 Bxa1 21. Be6+ Kg7 22.
Qxa1+ Ne5 23. cxd6 cxd6 24. Ng4 Bxe6 25. dxe6 Qxe6 26. c5 h5 27. Nxe5 dxe5 28.
Qb2 Qe7 29. c6 bxc6 30. Bc3 Rfe8 31. Qe2 Rab8 32. Qxh5 Rb1+ 33. Ke2 f3+ 34. Ke3
Qc5+ 35. Kxe4 Qc4+ 36. Kxf3 Qxc3+ 37. Ke2 Qc4+ 38. Ke3 Qd4+ 39. Kf3 Rf8+ 0-1

[Event "XXVI Miedzynarodowy Festiwal Szachowy w Poznaniu - OPEN A"]
[Site "Poznan"]
[Date "2018-08-24"]
[Round "7.4"]
[White "Jaroch, Karol"]
[Black "Plichta, Kamil "]
[Result "0-1"]
[WhiteTitle ""]
[BlackTitle ""]
[WhiteElo "2222"]
[BlackElo "2337"]

1. e4 d6 2. d4 Nf6 3. Nc3 g6 4. f4 Bg7 5. Nf3 O-O 6. Bd3 Nc6 7. O-O e5 8. d5 Nd4
9. fxe5 dxe5 10. Be3 Ng4 11. Bg5 Nxf3+ 12. gxf3 Qxg5 13. fxg4 Bxg4 14. Qc1 Qh5
15. Qe1 a6 16. Be2 Bh6 17. Bxg4 Qxg4+ 18. Qg3 Qxg3+ 19. hxg3 Be3+ 20. Kg2 Bc5
21. Rf3 Kg7 22. Raf1 f6 23. Na4 Bd6 24. Rc3 Rf7 25. Nc5 Bxc5 26. Rxc5 Rd8 27.
g4 h5 28. gxh5 gxh5 29. Rf3 Kh6 30. Kh3 Rdd7 31. a4 f5 32. exf5 Kg5 33. a5 e4
34. Rf1 Kf6 35. Rc4 Rfe7 0-1

[Event "XXVI Miedzynarodowy Festiwal Szachowy w Poznaniu - OPEN A"]
[Site "Poznan"]
[Date "2018-08-24"]
[Round "7.5"]
[White "Zakrzewski, Marek"]
[Black "Orzechowski, Jacek "]
[Result "1-0"]
[WhiteTitle ""]
[BlackTitle ""]
[WhiteElo "2333"]
[BlackElo "2131"]

1. e4 e6 2. d4 d5 3. Nd2 h6 4. Bd3 c5 5. dxc5 Bxc5 6. Ngf3 Nf6 7. Qe2 Nc6 8. c3
a6 9. O-O Qc7 10. b4 Be7 11. a3 b6 12. Bb2 dxe4 13. Nxe4 Nxe4 14. Bxe4 Bb7 15.
c4 Bf6 16. Bxf6 gxf6 17. Rad1 Ke7 18. Rfe1 Rad8 19. Qe3 Rxd1 20. Rxd1 Nb8 21.
Bxb7 Qxb7 22. Nh4 Qc7 23. Nf5+ Kf8 24. Qg3 1-0

[Event "XXVI Miedzynarodowy Festiwal Szachowy w Poznaniu - OPEN A"]
[Site "Poznan"]
[Date "2018-08-24"]
[Round "7.6"]
[White "Schmidt, Wlodzimierz "]
[Black "Malyovanyi, Yulian "]
[Result "1/2-1/2"]
[WhiteTitle ""]
[BlackTitle ""]
[WhiteElo "2258"]
[BlackElo "2188"]

1. d4 Nf6 2. c4 g6 3. Nc3 Bg7 4. e4 d6 5. Nf3 O-O 6. Be2 Bg4 7. Be3 Nfd7 8. Rc1
Bxf3 9. Bxf3 c5 10. d5 Na6 11. O-O Nc7 12. Be2 a6 13. a4 Rb8 14. f4 Re8 15. g4
e6 16. Bf2 exd5 17. exd5 b5 18. axb5 axb5 19. cxb5 Nb6 20. Qd2 Qd7 21. Rfe1 Re7
22. h3 Rbe8 23. Bf1 Rxe1 24. Rxe1 Rxe1 25. Qxe1 Bxc3 26. bxc3 Ncxd5 27. Qd2 Nc7
28. f5 Ne8 29. Qf4 Qe7 30. g5 gxf5 31. Qxf5 Ng7 32. Qg4 Qe6 33. Qg2 Qd7 34. h4
Ne6 35. c4 Nf4 36. Qf3 Ng6 37. Bg3 1/2-1/2

[Event "XXVI Miedzynarodowy Festiwal Szachowy w Poznaniu - OPEN A"]
[Site "Poznan"]
[Date "2018-08-24"]
[Round "7.7"]
[White "Raczynski, Krzysztof "]
[Black "Garbowski, Jakub "]
[Result "0-1"]
[WhiteTitle ""]
[BlackTitle ""]
[WhiteElo "2111"]
[BlackElo "2129"]

1. e4 c5 2. Nf3 e6 3. d4 cxd4 4. Nxd4 Nf6 5. Nc3 d6 6. g4 h6 7. h3 Bd7 8. Be3 Nc6
9. Bg2 Ne5 10. Qe2 Rc8 11. O-O Be7 12. Rad1 Nc4 13. Bc1 Qb6 14. b3 Ne5 15. Bb2
O-O 16. Kh1 Ng6 17. f4 Qc5 18. Rd2 e5 19. fxe5 dxe5 20. Nf5 Nf4 21. Rxf4 exf4
22. e5 Bxf5 23. exf6 Bxf6 24. Na4 Qe3 25. gxf5 Bxb2 26. Nxb2 Qg3 27. Qf2 Qg5 28.
Nd3 Qxf5 29. Qxf4 Qxf4 30. Nxf4 Rfd8 31. Rxd8+ Rxd8 32. Nd5 g5 33. c4 Kg7 34.
Kg1 b6 35. Be4 Re8 36. Nc3 Kf6 37. Kf2 Ke5 38. Kf3 f5 39. Bd5 h5 40. Nb5 g4+ 41.
hxg4 hxg4+ 42. Kg3 Re7 43. b4 Rg7 44. Nc3 f4+ 45. Kf2 Rh7 46. a4 Rh2+ 47. Kg1
Rb2 48. b5 f3 49. Ne4 Kf4 50. c5 bxc5 51. Bc6 g3 52. Nc3 Rc2 53. Nd5+ Ke5 54.
Ne3 Rc1+ 55. Nf1 g2 0-1

[Event "XXVI Miedzynarodowy Festiwal Szachowy w Poznaniu - OPEN A"]
[Site "Poznan"]
[Date "2018-08-24"]
[Round "7.8"]
[White "Zadymov, Ihor"]
[Black "Kus, Aleksander"]
[Result "1-0"]
[WhiteTitle ""]
[BlackTitle ""]
[WhiteElo "2102"]
[BlackElo "1844"]

1. e4 e6 2. d4 d5 3. Nd2 h6 4. Bd3 c5 5. exd5 exd5 6. Ngf3 Nf6 7. O-O Be7 8. dxc5
O-O 9. Nb3 Nbd7 10. Be3 Qc7 11. Bd4 Ne8 12. c4 dxc4 13. Bxc4 Nxc5 14. Rc1 b6 15.
Nxc5 Bxc5 16. Bxc5 bxc5 17. b4 Bb7 18. bxc5 Nf6 19. Qd6 Qa5 20. Ne5 Rad8 21. Qe7
Bd5 22. Bxd5 Rxd5 23. Nc6 Qxa2 24. Qxa7 Qxa7 25. Nxa7 Ra8 26. c6 Rxa7 27. c7 Rxc7
28. Rxc7 Rd7 29. Rxd7 Nxd7 30. Rd1 Nf6 31. Rd8+ Kh7 32. Rf8 Kg6 33. f3 Nd7 34.
Rd8 Ne5 35. f4 Ng4 36. h3 Nf6 37. Kf2 Ne4+ 38. Kf3 f5 39. Ra8 Nf6 40. Ra5 h5 41.
Kg3 Ne4+ 42. Kh4 Nf6 43. Re5 Nd7 44. Rb5 Nf6 45. Rb6 Kh6 46. Ra6 Kg6 47. Kg3 Kf7
48. Ra5 Kg6 49. Kf3 Nh7 50. Ke3 Nf6 51. Ra6 Kf7 52. Kd4 g6 53. Ra7+ Kg8 54. Ke5
Ne4 55. g4 Ng3 56. gxf5 gxf5 57. Kf6 h4 58. Kg5 1-0

[Event "XXVI Miedzynarodowy Festiwal Szachowy w Poznaniu - OPEN A"]
[Site "Poznan"]
[Date "2018-08-24"]
[Round "7.9"]
[White "Nowak, Mikolaj "]
[Black "Niedbala, Wojciech "]
[Result "1-0"]
[WhiteTitle ""]
[BlackTitle ""]
[WhiteElo "2101"]
[BlackElo "1914"]

1. d4 Nf6 2. c4 c5 3. Nf3 cxd4 4. Nxd4 a6 5. Nc3 e6 6. g3 Be7 7. Bg2 O-O 8. O-O
Nc6 9. b3 Qc7 10. Bb2 b6 11. Rc1 Bc5 12. Nc2 Bb7 13. e4 Rac8 14. Qe2 d6 15. a3
Nd4 16. Nxd4 Bxd4 17. Rfd1 Bxc3 18. Rxc3 Rfd8 19. g4 e5 20. Rcd3 Qe7 21. g5 Ne8
22. Qh5 g6 23. Qh4 h5 24. f4 Ng7 25. Qg3 exf4 26. Qxf4 Ne6 27. Qd2 Nxg5 28. Qc3
f6 29. Qxf6 Qxf6 30. Bxf6 Nxe4 31. Bxd8 Rxd8 32. Bxe4 Bxe4 33. Rxd6 Rxd6 34. Rxd6
b5 35. Rxa6 bxc4 36. bxc4 Kf7 37. c5 Ke7 38. Rd6 Bc2 39. h4 Ke8 40. c6 Ke7 41.
c7 Bf5 42. Rd8 1-0

[Event "XXVI Miedzynarodowy Festiwal Szachowy w Poznaniu - OPEN A"]
[Site "Poznan"]
[Date "2018-08-24"]
[Round "7.10"]
[White "Vesely, Vitek"]
[Black "Kozlowski, Tomasz"]
[Result "1/2-1/2"]
[WhiteTitle ""]
[BlackTitle ""]
[WhiteElo "2081"]
[BlackElo "1858"]

1. d4 d5 2. c4 e5 3. dxe5 d4 4. Nf3 Nc6 5. a3 Bg4 6. Nbd2 Qe7 7. b4 Nxe5 8. Nxe5
Qxe5 9. Bb2 O-O-O 10. Nb3 c5 11. bxc5 Bxc5 12. Qd2 Nf6 13. Nxc5 Qxc5 14. Qb4 Qxb4+
15. axb4 Rhe8 16. O-O-O d3 17. Bxf6 gxf6 18. Rxd3 Rxd3 19. exd3 Re1+ 20. Kd2 Rd1+
21. Ke3 Re1+ 22. Kd2 Rd1+ 23. Ke3 Re1+ 1/2-1/2

[Event "XXVI Miedzynarodowy Festiwal Szachowy w Poznaniu - OPEN A"]
[Site "Poznan"]
[Date "2018-08-24"]
[Round "7.11"]
[White "Glatty, Zbigniew "]
[Black "Bajerlein, Dawid "]
[Result "0-1"]
[WhiteTitle ""]
[BlackTitle ""]
[WhiteElo "1828"]
[BlackElo "2062"]

1. e4 c6 2. d4 d5 3. Nc3 dxe4 4. Nxe4 Bf5 5. Ng3 Bg6 6. h4 h6 7. Nf3 Nd7 8. h5
Bh7 9. Bd3 Bxd3 10. Qxd3 Ngf6 11. Bd2 e6 12. O-O-O Be7 13. Kb1 Qb6 14. c4 Rd8
15. Qe2 O-O 16. Ne5 c5 17. Bc3 cxd4 18. Bxd4 Bc5 19. Nxd7 Rxd7 20. Bxf6 Rxd1+
21. Rxd1 gxf6 22. Qd2 Be7 23. Qxh6 Qxf2 24. Ne4 Qh4 25. Qe3 f5 26. Nc3 Rd8 27.
Rxd8+ Bxd8 28. Qxa7 Qh1+ 29. Kc2 Qxg2+ 30. Kb3 Bf6 31. Qe3 Bg5 32. Qd3 Qd2 33.
Qg3 Qe3 34. Qb8+ Kg7 35. Qxb7 f4 36. Ka4 f3 37. Ne4 f2 38. Nxf2 Qxf2 39. a3 Qd4
40. Qb5 e5 41. b4 Bd8 42. Qe8 e4 43. h6+ Kxh6 44. Qxf7 Qd1+ 45. Kb5 Qh5+ 0-1

[Event "XXVI Miedzynarodowy Festiwal Szachowy w Poznaniu - OPEN A"]
[Site "Poznan"]
[Date "2018-08-24"]
[Round "7.12"]
[White "Golek-schild, Jagoda "]
[Black "Wojdak, Jan"]
[Result "1/2-1/2"]
[WhiteTitle ""]
[BlackTitle ""]
[WhiteElo "2033"]
[BlackElo "1818"]

1. e4 c5 2. Nf3 Nc6 3. c3 d5 4. exd5 Qxd5 5. d4 Nf6 6. Be2 Bg4 7. O-O e6 8. Be3
cxd4 9. cxd4 Be7 10. Nc3 Qd6 11. Qb3 O-O 12. Rfd1 Nd5 13. Nxd5 exd5 14. Rac1 Rfc8
15. h3 Be6 16. Rc3 Na5 17. Qc2 a6 18. Rc1 b5 19. b3 Qd8 20. Rxc8 Rxc8 21. Qd2
Rxc1+ 22. Qxc1 Qb6 23. Ne5 1/2-1/2

[Event "XXVI Miedzynarodowy Festiwal Szachowy w Poznaniu - OPEN A"]
[Site "Poznan"]
[Date "2018-08-24"]
[Round "7.13"]
[White "Wawrzyniak, Pawel"]
[Black "Bednarska-bzdega, Malgorzata "]
[Result "0-1"]
[WhiteTitle ""]
[BlackTitle ""]
[WhiteElo "1814"]
[BlackElo "1984"]

1. d4 Nf6 2. c4 e6 3. Nf3 b6 4. g3 Bb7 5. Bg2 Be7 6. O-O O-O 7. Nc3 Ne4 8. Qc2
Nxc3 9. Qxc3 f5 10. b3 Bf6 11. Bb2 c5 12. Qd2 Na6 13. e3 Qe7 14. Rfd1 Rad8 15.
Qe2 d6 16. Bc3 Be4 17. Rd2 g5 18. Rad1 g4 19. Ne1 h5 20. f3 Bb7 21. e4 Qg7 22.
e5 dxe5 23. dxe5 Rxd2 24. Rxd2 Bd8 25. Qd1 Bc7 26. f4 Bxg2 27. Kxg2 h4 28. Rd7
Rf7 29. Rxf7 h3+ 30. Kf1 Qxf7 31. Qd2 Qe8 32. Nc2 Nb8 33. a3 Qc6 34. b4 Qe4 35.
bxc5 bxc5 36. Ba5 0-1

[Event "XXVI Miedzynarodowy Festiwal Szachowy w Poznaniu - OPEN A"]
[Site "Poznan"]
[Date "2018-08-24"]
[Round "7.14"]
[White "Michalski, Karol "]
[Black "Grochowski, Michal "]
[Result "1-0"]
[WhiteTitle ""]
[BlackTitle ""]
[WhiteElo "1983"]
[BlackElo "1781"]

1. d4 Nf6 2. c4 c5 3. d5 b5 4. Nd2 e6 5. e4 exd5 6. e5 bxc4 7. exf6 Qxf6 8. Qf3
Qe6+ 9. Qe3 Nc6 10. g3 Nd4 11. Kd1 Be7 12. Bh3 Qg6 13. Qe5 O-O 14. Qxe7 Ba6 15.
Bxd7 c3 16. bxc3 Qc2+ 17. Ke1 Qxc3 18. Rb1 Rab8 19. Qxf8+ Kxf8 20. Rxb8+ Ke7 21.
Bb2 Qc2 22. Bg4 Nb5 23. Bxg7 d4 24. Bd1 Qc1 25. Ne2 Qa3 26. Bf8+ Kd7 27. Rxb5
Bxb5 28. Nxd4 Bd3 29. N4b3 Ke8 30. Bxc5 Qb2 31. Bxa7 Qxa2 32. Be3 Kf8 33. h4 Kg8
34. h5 Qa8 35. Bf3 Qe8 36. h6 Bc2 37. Rh4 f6 38. Be4 Bxb3 39. Nxb3 Qb5 40. Rg4+
Kf8 41. Bc5+ Ke8 42. Rg8+ Kd7 43. Bf5+ Kc7 44. Rg7+ Kd8 45. Nd4 Qa5+ 46. Kf1 Qa1+
47. Kg2 Qd1 48. Ne6+ Ke8 49. Re7# 1-0

[Event "XXVI Miedzynarodowy Festiwal Szachowy w Poznaniu - OPEN A"]
[Site "Poznan"]
[Date "2018-08-24"]
[Round "7.15"]
[White "Nadstoga, Wojciech "]
[Black "Leskiewicz, Ignacy "]
[Result "0-1"]
[WhiteTitle ""]
[BlackTitle ""]
[WhiteElo "1928"]
[BlackElo "1964"]

1. Nf3 Nf6 2. g3 g6 3. Bg2 Bg7 4. O-O O-O 5. d3 c5 6. e4 Nc6 7. Nbd2 d5 8. Re1
e5 9. c3 d4 10. Nc4 Ne8 11. a4 f6 12. cxd4 cxd4 13. b4 Rf7 14. b5 Na5 15. Nfd2
Be6 16. Nxa5 Qxa5 17. Nc4 Qd8 18. Ba3 Bf8 19. Bxf8 Kxf8 20. Qd2 Nd6 21. Qb4 Bxc4
22. dxc4 b6 23. Rac1 Rc8 24. c5 Rxc5 25. Rxc5 bxc5 26. Qxc5 Rc7 27. Qd5 Nb7 28.
Qxd8+ Nxd8 29. a5 Ke7 30. Rb1 Rb7 31. Bf1 Kd6 32. Bc4 Kc5 33. Rc1 Kb4 34. Bd5
Rxb5 35. a6 Rc5 36. Rb1+ Ka5 37. Rb8 Nc6 38. Rc8 d3 39. Bb3 Rc1+ 40. Kg2 d2 41.
Rc7 Nd4 42. Rxa7 Nxb3 43. Rb7 d1=Q 44. a7 Qf1+ 45. Kf3 Qd3+ 0-1

[Event "XXVI Miedzynarodowy Festiwal Szachowy w Poznaniu - OPEN A"]
[Site "Poznan"]
[Date "2018-08-24"]
[Round "7.17"]
[White "Kacprzak, Karol"]
[Black "Huchwajda, Lukasz"]
[Result "0-1"]
[WhiteTitle ""]
[BlackTitle ""]
[WhiteElo "1799"]
[BlackElo "1945"]

1. e4 e6 2. d4 d5 3. exd5 exd5 4. Bd3 Nc6 5. c3 Bd6 6. Nf3 Nge7 7. O-O Bg4 8. Nbd2
Qd7 9. b4 O-O 10. Qc2 Bf5 11. Re1 Bxd3 12. Qxd3 Ng6 13. Nf1 Rfe8 14. Bd2 a5 15.
a3 Rxe1 16. Rxe1 axb4 17. axb4 Nce7 18. Ng3 Nc8 19. Qf5 Qxf5 20. Re8+ Bf8 21.
Nxf5 Nb6 22. Rxa8 Nxa8 23. Kf1 Nb6 24. Ke2 f6 25. h4 Kf7 26. g3 Ne7 27. Nxe7 Kxe7
28. Ne1 Nc4 29. Bc1 Ke6 30. Nd3 Bd6 31. Bf4 c6 32. Bxd6 Nxd6 33. Nc5+ Kf5 34.
f3 h5 35. Nd3 g5 36. Ke3 Nb5 37. Kd2 b6 38. Kc2 g4 39. Nf2 gxf3 40. Kd3 Nd6 41.
Ke3 Ne4 42. Kxf3 Nxf2 43. Kxf2 Kg4 44. Kg2 b5 45. Kf2 f5 46. Kg2 f4 47. gxf4 Kxf4
48. Kf2 Kg4 49. Ke3 Kg3 0-1

[Event "XXVI Miedzynarodowy Festiwal Szachowy w Poznaniu - OPEN A"]
[Site "Poznan"]
[Date "2018-08-24"]
[Round "7.18"]
[White "Roszkiewicz, Anna"]
[Black "Kaluzny, Lukasz"]
[Result "1-0"]
[WhiteTitle ""]
[BlackTitle ""]
[WhiteElo "1750"]
[BlackElo "1943"]

1. e4 c5 2. Nf3 Nc6 3. d4 cxd4 4. Nxd4 Nf6 5. Nc3 d6 6. Bg5 e6 7. Qd2 a6 8. O-O-O
Bd7 9. f4 b5 10. Bxf6 gxf6 11. Kb1 b4 12. Nce2 Qb6 13. f5 e5 14. Nxc6 Bxc6 15.
Ng3 Qc5 16. b3 Bb5 17. Nh5 Ke7 18. Bxb5 axb5 19. Qd5 Rc8 20. Qxc5 dxc5 21. Rd5
Bh6 22. Rhd1 Rc7 23. Rd6 Ra8 24. Nxf6 Rca7 25. Ng8+ Kf8 26. Nxh6 Kg7 27. Ng4 Rxa2
28. f6+ Kg6 29. Nxe5+ Kg5 30. Kc1 c4 31. bxc4 b3 32. cxb3 Kf4 33. Nd3+ Kxe4 34.
Nb2 bxc4 35. bxc4 Rb8 36. R1d2 Ra1+ 37. Kc2 Ra2 38. Re2+ Kf5 39. Rf2+ Kg6 40.
Kc3 1-0

[Event "XXVI Miedzynarodowy Festiwal Szachowy w Poznaniu - OPEN A"]
[Site "Poznan"]
[Date "2018-08-24"]
[Round "7.19"]
[White "Zakrzewski, Bartosz"]
[Black "Szuminski, Marek "]
[Result "1-0"]
[WhiteTitle ""]
[BlackTitle ""]
[WhiteElo "1533"]
[BlackElo "1942"]

1. e4 c5 2. Nf3 d6 3. c3 Nc6 4. d4 e6 5. Bd3 cxd4 6. cxd4 Be7 7. Nc3 Bd7 8. O-O
Bf6 9. Be3 Nge7 10. Nb5 Qb8 11. Bf4 e5 12. dxe5 dxe5 13. Be3 O-O 14. Bc4 Bg4 15.
h3 Bh5 16. g4 Bg6 17. g5 Bxe4 18. gxf6 gxf6 19. Nc3 Bg6 20. Nh4 Kg7 21. Nxg6 hxg6
22. Qf3 Rh8 23. Rad1 Rh4 24. Bb3 Qc8 25. Kg2 Nf5 26. Qd5 Nxe3+ 27. fxe3 Qxh3+
28. Kf2 Rf8 29. Rh1 Qf5+ 30. Qf3 Qg5 31. Ne4 1-0

[Event "XXVI Miedzynarodowy Festiwal Szachowy w Poznaniu - OPEN A"]
[Site "Poznan"]
[Date "2018-08-24"]
[Round "7.20"]
[White "Lesien, Tymoteusz"]
[Black "Simon, Marek "]
[Result "0-1"]
[WhiteTitle ""]
[BlackTitle ""]
[WhiteElo "1147"]
[BlackElo "1902"]

1. d4 Nf6 2. c4 c6 3. Nf3 d5 4. Bg5 e6 5. Nc3 Nbd7 6. e3 Qa5 7. a3 Ne4 8. Bd3 Nxg5
9. Nxg5 dxc4 10. Nge4 cxd3 11. Qxd3 Be7 12. O-O b6 13. b4 Ba6 14. Qc2 Qf5 15.
Rfe1 O-O 16. Qa4 Bb7 17. Ng3 Qg6 18. Nce2 Bd6 19. e4 Bxg3 20. Nxg3 a5 21. b5 c5
22. Qc4 Rac8 23. d5 exd5 24. exd5 Nf6 25. d6 Rcd8 26. Rad1 Rd7 27. Re7 Rfd8 28.
Rde1 h5 29. Qf4 Qg4 30. Qe3 h4 31. Nf5 Qxg2# 0-1

[Event "XXVI Miedzynarodowy Festiwal Szachowy w Poznaniu - OPEN A"]
[Site "Poznan"]
[Date "2018-08-24"]
[Round "7.21"]
[White "Kozlowska, Marzena "]
[Black "Kacprzak, Kacper "]
[Result "1-0"]
[WhiteTitle ""]
[BlackTitle ""]
[WhiteElo "1901"]
[BlackElo "1768"]

1. e4 e6 2. d4 d5 3. exd5 exd5 4. Bd3 Nc6 5. c3 Bd6 6. Nf3 Nge7 7. Bg5 f6 8. Be3
Bg4 9. h3 Bh5 10. Qc2 Qd7 11. Nh4 g5 12. Nf5 Bg6 13. Nxd6+ Qxd6 14. Nd2 O-O-O
15. O-O-O Kb8 16. Rde1 Bxd3 17. Qxd3 Ng6 18. Nf1 Nce7 19. Ng3 Nh4 20. Rhg1 Rde8
21. Bd2 Neg6 22. Nf5 Qd7 23. Nxh4 Nxh4 24. g3 Qf5 25. Qxf5 Nxf5 26. Rxe8+ Rxe8
27. Re1 Rxe1+ 28. Bxe1 Nd6 29. Kd1 Kc8 30. Ke2 Kd7 31. f3 Ke6 32. g4 f5 33. Bg3
f4 34. Be1 b5 35. b3 a5 36. Kd3 c6 37. h4 h6 38. h5 Nb7 39. Bd2 c5 40. c4 bxc4+
41. bxc4 Kd6 42. Bc1 Kc6 43. Bb2 dxc4+ 44. Kxc4 Nd6+ 45. Kb3 Nb5 46. Kc4 Nd6+
47. Kb3 Nb5 48. Kc4 Nd6+ 49. Kd3 c4+ 50. Kc3 Kd5 51. a4 Ne8 52. Ba3 Nf6 53. Bf8
Nxg4 54. fxg4 f3 55. Kd2 c3+ 56. Kd3 f2 57. Ke2 Kxd4 58. Bxh6 1-0

[Event "XXVI Miedzynarodowy Festiwal Szachowy w Poznaniu - OPEN A"]
[Site "Poznan"]
[Date "2018-08-24"]
[Round "7.22"]
[White "Stachowiak, Slawomir "]
[Black "Kupsik, Joanna "]
[Result "1/2-1/2"]
[WhiteTitle ""]
[BlackTitle ""]
[WhiteElo "1872"]
[BlackElo "1732"]

1. e4 c5 2. Nf3 e6 3. a3 Nc6 4. d4 cxd4 5. Nxd4 Qc7 6. Nc3 a6 7. Be2 b5 8. O-O
Bb7 9. Be3 Nf6 10. Nxc6 Bxc6 11. Bf3 Be7 12. Qd2 Rc8 13. Bf4 e5 14. Be3 O-O 15.
Rac1 b4 16. axb4 Bxb4 17. Rfd1 Nxe4 18. Bxe4 Bxe4 19. Qxd7 Bxc3 20. Qxc7 Rxc7
21. bxc3 Rxc3 22. Rd6 Ra8 23. Ra1 a5 24. Rxa5 Rb8 25. Rb5 Ra8 26. Ra5 1/2-1/2

[Event "XXVI Miedzynarodowy Festiwal Szachowy w Poznaniu - OPEN A"]
[Site "Poznan"]
[Date "2018-08-24"]
[Round "7.23"]
[White "Poltorak, Sebastian"]
[Black "Czarnolewski, Piotr"]
[Result "1-0"]
[WhiteTitle ""]
[BlackTitle ""]
[WhiteElo "1854"]
[BlackElo "1634"]

1. d4 Nf6 2. c4 c5 3. d5 b5 4. cxb5 a6 5. bxa6 g6 6. Nc3 Bxa6 7. Nf3 d6 8. g3 Bg7
9. Bg2 Nbd7 10. Rb1 Nb6 11. b3 O-O 12. O-O Qc7 13. Bb2 Rfb8 14. Qc2 Nfd7 15. a4
Ne5 16. Nxe5 Bxe5 17. Rfc1 Nd7 18. Ne4 Bxb2 19. Rxb2 Rb4 20. Qd2 Kg7 21. Qxb4
1-0

[Event "XXVI Miedzynarodowy Festiwal Szachowy w Poznaniu - OPEN A"]
[Site "Poznan"]
[Date "2018-08-24"]
[Round "7.24"]
[White "Wloch, Mikolaj "]
[Black "Rozumek, Krzysztof "]
[Result "1-0"]
[WhiteTitle ""]
[BlackTitle ""]
[WhiteElo "1772"]
[BlackElo "1848"]

1. e4 c6 2. Nf3 d5 3. Nc3 dxe4 4. Nxe4 Nd7 5. d4 Ngf6 6. Ng3 e6 7. Bd3 c5 8. O-O
cxd4 9. Nxd4 Bc5 10. Nb3 Be7 11. Re1 O-O 12. Qf3 Nd5 13. c3 Qc7 14. Bd2 g6 15.
Bf1 Bd6 16. Nd4 a6 17. Bh6 Re8 18. Rad1 Ne5 19. Qe4 Bd7 20. Qe2 Rac8 21. Ne4 Be7
22. f4 Nc6 23. Nf3 Rcd8 24. Qf2 Qb6 25. Qxb6 Nxb6 26. Bg5 Bc8 27. Bxe7 Rxe7 28.
Rxd8+ Nxd8 29. Ne5 Rc7 30. Nf6+ Kh8 31. Rd1 Nc6 32. g4 Nxe5 33. Rd8+ Kg7 34. Ne8+
Kh6 35. g5+ Kh5 36. Nxc7 Nf3+ 37. Kg2 Nxg5 38. fxg5 Kxg5 39. a4 Bd7 1-0

[Event "XXVI Miedzynarodowy Festiwal Szachowy w Poznaniu - OPEN A"]
[Site "Poznan"]
[Date "2018-08-24"]
[Round "7.25"]
[White "Duszczak, Dariusz"]
[Black "Lisiecki, Robert "]
[Result "1/2-1/2"]
[WhiteTitle ""]
[BlackTitle ""]
[WhiteElo "1845"]
[BlackElo "1759"]

1. e4 e5 2. Nc3 Nf6 3. f4 d5 4. exd5 Nxd5 5. fxe5 Nxc3 6. bxc3 Qh4+ 7. Ke2 Bg4+
8. Nf3 Nc6 9. d4 O-O-O 10. Qe1 Qh5 11. Qg3 f6 12. h3 Bxf3+ 13. Qxf3 Qg6 14. Qd3
Qxd3+ 15. cxd3 fxe5 16. dxe5 Nxe5 17. d4 Ng6 18. Bg5 Be7 19. Bxe7 Nxe7 20. Re1
c5 21. Kf3 Rhf8+ 22. Kg4 Nd5 23. c4 Nf6+ 24. Kh4 Rxd4+ 25. g4 h5 26. Rg1 hxg4
27. hxg4 Ne4 28. Kh5 Rf6 29. g5 Ra6 30. Bh3+ Kd8 31. Bf5 Nd6 32. Bb1 Nxc4 33.
Rgf1 Rad6 34. Rf7 Rd7 35. Rf8+ Kc7 36. Bf5 R7d5 37. Rf7+ Kb6 38. Rb1+ Ka6 39.
Bc8 Nd6 40. Bxb7+ Nxb7 41. Rbxb7 c4 42. Rfc7 Rb5 43. Rxa7+ Kb6 44. a4 Ra5 45.
Rcb7+ Kc6 46. Rc7+ Kb6 47. Rcb7+ Kc6 1/2-1/2

[Event "XXVI Miedzynarodowy Festiwal Szachowy w Poznaniu - OPEN A"]
[Site "Poznan"]
[Date "2018-08-24"]
[Round "7.26"]
[White "Polarczyk, Pawel "]
[Black "Kaluzny, Jan "]
[Result "1-0"]
[WhiteTitle ""]
[BlackTitle ""]
[WhiteElo "1811"]
[BlackElo "1375"]

1. e4 c5 2. g3 Nc6 3. Bg2 Nf6 4. Ne2 e6 5. O-O d5 6. exd5 exd5 7. d4 b6 8. Nbc3
cxd4 9. Nxd4 Nxd4 10. Qxd4 Bb7 11. Bg5 Be7 12. Rad1 h6 13. Bxf6 Bxf6 14. Qe3+
Be7 15. Nxd5 Rb8 16. Nf6+ gxf6 17. Rxd8+ Kxd8 18. Rd1+ Ke8 19. Re1 Kf8 20. Qxe7+
Kg7 21. Bxb7 1-0

[Event "XXVI Miedzynarodowy Festiwal Szachowy w Poznaniu - OPEN A"]
[Site "Poznan"]
[Date "2018-08-24"]
[Round "7.27"]
[White "Szymanski, Zbigniew"]
[Black "Szafranski, Piotr"]
[Result "0-1"]
[WhiteTitle ""]
[BlackTitle ""]
[WhiteElo "1804"]
[BlackElo "1670"]

1. d4 Nf6 2. Nf3 e6 3. e3 d5 4. Bd3 Be7 5. Nbd2 Nbd7 6. e4 dxe4 7. Nxe4 Nxe4 8.
Bxe4 Nf6 9. Bd3 O-O 10. O-O c5 11. c3 Qc7 12. Qe2 Re8 13. Bg5 Bd7 14. dxc5 Qxc5
15. Ne5 Bc6 16. Nxc6 Qxg5 17. Nxe7+ Rxe7 18. Rad1 e5 19. Bc2 Nh5 20. Qd2 Qxd2
21. Rxd2 g6 22. Rfd1 f5 23. Rd7 Rae8 24. g3 e4 25. R1d6 e3 26. Rxe7 Rxe7 27. fxe3
Rxe3 28. Kf2 Re7 29. Bd1 Ng7 30. Bb3+ Kf8 31. Rd8+ Ne8 32. Ba4 Kf7 33. Kf3 Nf6
34. h3 Ne4 35. h4 Nf6 36. Bb3+ Kg7 37. Ba4 Ng4 38. Bb3 Re3+ 39. Kf4 Re2 40. Rd7+
Kh6 41. Bd1 Rf2+ 42. Bf3 Rxf3+ 0-1

[Event "XXVI Miedzynarodowy Festiwal Szachowy w Poznaniu - OPEN A"]
[Site "Poznan"]
[Date "2018-08-24"]
[Round "7.28"]
[White "Janicki, Rafal "]
[Black "Kiwilsza, Piotr"]
[Result "1-0"]
[WhiteTitle ""]
[BlackTitle ""]
[WhiteElo "1800"]
[BlackElo "1623"]

1. e4 e5 2. Nf3 Nf6 3. Nxe5 d6 4. Nf3 Nxe4 5. Nc3 Nf6 6. d4 Be7 7. Bc4 d5 8. Be2
c6 9. Bf4 Nbd7 10. h3 Qb6 11. Rb1 O-O 12. O-O Re8 13. a3 Ne4 14. Nxe4 dxe4 15.
Ne5 Bf6 16. Nxd7 Bxd7 17. c3 Be6 18. b4 h6 19. Re1 Rad8 20. Qc2 Bf5 21. Bg4 Bg6
22. Qe2 Rd5 23. Qe3 Qd8 24. Bd1 Bg5 25. Bc2 Kh8 26. f3 f5 27. Bxg5 hxg5 28. fxe4
fxe4 29. Qg3 Qd6 30. Qxd6 Rxd6 31. Re3 Kh7 32. Rbe1 Rde6 33. R1e2 Kh6 34. g4 b5
35. Kg2 Bh7 36. Kg3 a6 37. Re1 Rf6 38. Bxe4 Rfe6 39. Kf3 Rf6+ 40. Kg3 Rfe6 41.
Kf3 Rf6+ 42. Bf5 Ref8 43. Re6 g6 44. Rxf6 Rxf6 45. Re6 Rf7 46. Kg3 Kg7 47. Be4
Rc7 48. Bxc6 Rc8 49. d5 Bg8 50. Re3 Kf6 51. Kf2 Rd8 52. Rd3 Ke5 53. Ke3 Rd6 54.
Rd4 Rd8 55. Re4+ Kd6 56. Kd4 Rc8 57. Re5 Rf8 58. Rxg5 Bh7 59. h4 Rf4+ 60. Ke3
Rc4 61. Kd2 Rf4 62. Be8 Rf6 63. h5 gxh5 64. Rxh5 Be4 65. Bc6 Rg6 66. g5 Ke5 67.
Ke3 Bg2 68. Kf2 Bxd5 69. Bxd5 Kxd5 70. Kg3 Ke5 71. Kg4 Rc6 72. Rh6 Rxc3 73. Rxa6
Rc4+ 74. Kh5 Rc8 75. Rb6 Rh8+ 76. Kg6 Kd5 77. Rxb5+ Ke6 78. Kg7 Ra8 79. Ra5 Rb8
80. g6 Rb7+ 81. Kh6 Rb8 82. g7 Kf7 83. Kh7 Kf6 84. g8=Q Rb7+ 85. Kh6 Rh7+ 86.
Qxh7 1-0

[Event "XXVI Miedzynarodowy Festiwal Szachowy w Poznaniu - OPEN A"]
[Site "Poznan"]
[Date "2018-08-24"]
[Round "7.29"]
[White "Mozdzanowski, Filip"]
[Black "Lesien, Przemyslaw "]
[Result "1/2-1/2"]
[WhiteTitle ""]
[BlackTitle ""]
[WhiteElo "1411"]
[BlackElo "1793"]

1. c4 c6 2. Nf3 d5 3. cxd5 cxd5 4. g3 g6 5. Bg2 Bg7 6. d3 Bd7 7. Nc3 Bc6 8. O-O
Nd7 9. Qd2 e5 10. b4 a6 11. Bb2 Ngf6 12. Rac1 d4 13. Nd1 O-O 14. e4 Ng4 15. Qe2
h5 16. h3 Nh6 17. Nd2 Qe7 18. a4 f5 19. exf5 Bxg2 20. Kxg2 Nxf5 21. Ne4 Rac8 22.
Rc2 Nd6 23. f3 Rxc2 24. Qxc2 Nxe4 25. fxe4 Rxf1 26. Kxf1 Qf7+ 27. Kg2 Nb6 28.
Bc1 Bf8 29. Bd2 1/2-1/2